| 000 | 00469nam a22001817a 4500 | ||
|---|---|---|---|
| 003 | CEME | ||
| 005 | 20210628210207.0 | ||
| 008 | 210215b xxu||||| |||| 00| 0 eng d | ||
| 020 | _a81-7649-096-2 | ||
| 040 | _c. | ||
| 082 | _a004.68 HAN | ||
| 100 |
_aSlone, John.P _978457 |
||
| 245 | _aHandbook of local area networks | ||
| 260 |
_aNEW DELHI _bCRC PRESS _c1999 |
||
| 300 | _a850P | ||
| 650 |
_aLAN HANDBOOK LOCAL AREA NETWORKS-HANDBOOK _978458 |
||
| 942 |
_cBK _2ddc |
||
| 999 |
_c583573 _d583573 |
||